| 000 | 01198nam a2200301 c 4500 | ||
|---|---|---|---|
| 003 | BLK | ||
| 005 | 20180422112850.0 | ||
| 008 | 180410b bul|||||r ||||||| ||bul|| | ||
| 010 | _aKNG00154996000 | ||
| 040 | _aBLK | ||
| 041 |
_aBUL _cBUL |
||
| 080 |
_aРуска литература _b821.161.1 _x-93-32 _z821.161.1-93-32 |
||
| 100 | 1 |
_aТургенев, Иван Сергеевич _eпърви автор _9365685 |
|
| 700 | 1 |
_aТолчев, Никола _eпрев. от рус. _9129939 |
|
| 139 |
_aТургенев, Иван Сергеевич _bТ 92 |
||
| 245 | 1 | 0 |
_aГълъби _bМалки разкази : За предучилищна възраст _cИван Сергеевич Тургенев; прев. от рус. Никола Толчев. |
| 257 | _aRUS | ||
| 260 |
_аСофия _bНар. младеж _c1964 |
||
| 300 |
_a16 с. _bс ил. _c17 см |
||
| 380 | _aDX | ||
| 490 | 1 |
_aПърви АБ книжки _v2/20 |
|
| 500 | _a60 100 тир. | ||
| 852 | _aЦб І 35321 | ||
| 856 | 4 |
_qpdf _u |
|
| 856 | 4 |
_qpdf _u |
|
| 942 |
_cKNG _n0 |
||
| 944 |
_aCR _c27.12.2013 _l27.12.2013 - от С1,Р / 27.12.2013 _kМитко_Георгиев |
||
| 944 |
_aED _c27.12.2013 _l27.12.2013 - от С1,Р / 27.12.2013 _k |
||
| 999 |
_c148768 _d148768 |
||